[Event "EYCC B18"]
[Site "Halkidiki GRE"]
[Date "2001.09.03"]
[Round "4"]
[White "Andersson,F2"]
[Black "Kosintseva,T"]
[Result "0-1"]
[WhiteElo "2173"]
[BlackElo "2390"]

1.e4 c5 2.Nc3 Nc6 3.Bb5 Nd4 4.Bc4 e6 5.Nge2 Nf6 6.O-O a6 7.a4 Nxe4 8.Nxe4 d5
9.Bd3 dxe4 10.Bxe4 Be7 11.b3 f5 12.Bd3 Nxb3 13.cxb3 Qxd3 14.Bb2 O-O 15.Nf4 Qd6
16.Nh5 g6 17.Ng3 e5 18.Re1 Bf6 19.Qe2 e4 20.Bxf6 Qxf6 21.Qc4+ Be6 22.Qxc5 Bxb3
23.Rab1 Rac8 24.Qa5 Qf7 25.Ne2 Bd5 26.Nf4 Bc6 27.h4 Rfd8 28.Rb2 Qf6 29.Rb3 Qxh4
30.Ne6 Rd5 31.Qb4 Qf6 32.Nf4 Rd4 33.Qc3 Qd6 34.Rb6 Rxd2 35.Qb3+ Kh8 36.Ne6 Rd5
37.Ng5 Qe7 38.f4 Rcd8 39.Rc1 h6 40.Rcxc6 bxc6 41.Rb7 Rd1+ 42.Kh2 R1d7 43.Rxd7 Rxd7
44.Qb2+ Kg8 45.Qb3+ Rd5 46.Nh3 e3 47.Qb8+ Kh7 48.Qa7 Qxa7  0-1

[Event "EYCC B18"]
[Site "Halkidiki GRE"]
[Date "2001.09.04"]
[Round "5"]
[White "Popovic,Du"]
[Black "Gouliev,S"]
[Result "1-0"]
[WhiteElo "2361"]
[BlackElo "2189"]

1.e4 c5 2.Nc3 Nc6 3.Bb5 g6 4.Bxc6 dxc6 5.d3 Nf6 6.f4 Bg7 7.Nf3 O-O 8.O-O Ne8
9.Qe1 Nc7 10.f5 gxf5 11.Qh4 fxe4 12.dxe4 e5 13.Qh5 Ne6 14.Nh4 Nd4 15.Rf2 f6
16.Nf5 Bxf5 17.exf5 Qe7 18.Ne4 b6 19.Be3 Rad8 20.a4 Rd7 21.Raf1 Rfd8 22.g4 Qf7
23.Qh4 Qc4 24.g5 fxg5 25.Qg4 Kh8 26.f6 Bf8 27.Nxg5 h6 28.f7 Ne2+ 29.Qxe2 Qxe2
30.Rxe2 hxg5 31.Bxg5 Rc8 32.Rxe5 Rb7 33.Re8 Rbb8 34.Re6 Kh7 35.Rf3 c4 36.Bd2 Rb7
37.Bc3 Bh6 38.Rh3  1-0

[Event "TCh-YUG"]
[Site "Herceg Novi YUG"]
[Date "2001.09.05"]
[Round "3"]
[White "Saric,Ig"]
[Black "Djoric,D"]
[Result "0-1"]
[WhiteElo "2317"]
[BlackElo "2319"]

1.e4 c5 2.Ne2 Nc6 3.Nbc3 g6 4.g3 Bg7 5.Bg2 d6 6.d3 Nf6 7.h3 e5 8.f4 h5 9.Be3 Nd4
10.Bf2 Qa5 11.Nc1 h4 12.fxe5 dxe5 13.g4 Be6 14.O-O O-O-O 15.Nb3 Qc7 16.Be3 c4
17.Nc1 Qd7 18.Bg5 Nxg4 19.hxg4 Bxg4 20.N1e2 h3 21.Bh1 Bxe2 22.Nxe2 Qg4+ 23.Kh2 Qxg5
24.Nc3 Bh6 25.Nd5 Qh4 26.Qe1 Qxe1 27.Raxe1 Nxc2  0-1

[Event "5th Pablo Gorbea Mem Open"]
[Site "Madrid ESP"]
[Date "2001.09.06"]
[Round "1"]
[White "Perez Perez,M"]
[Black "Gustafsson,J"]
[Result "0-1"]
[WhiteElo "2056"]
[BlackElo "2535"]

1.e4 c5 2.Nf3 Nc6 3.Nc3 e6 4.g3 d5 5.d3 Nf6 6.Bg5 Be7 7.Bg2 h6 8.Bf4 d4 9.Ne2 Nd7
10.O-O g5 11.Bd2 h5 12.h3 e5 13.Nh2 h4 14.g4 Nf8 15.c3 Be6 16.c4 Ng6 17.a3 a6
18.b4 cxb4 19.axb4 Bxb4 20.Nf3 Bxd2 21.Qxd2 f6 22.Rfb1 Rh7 23.Qb2 Rc7 24.Nd2 Nf8
25.Nb3 Nd7 26.Qa3 Qe7 27.Qc1 Kf7 28.Qd2 b6 29.Qb2 a5 30.Ra4 Rb8 31.Qd2 b5
32.cxb5 Rxb5 33.Nec1 Nc5 34.Qd1 Nxa4  0-1

[Event "EYCC G18"]
[Site "Halkidiki GRE"]
[Date "2001.09.07"]
[Round "7"]
[White "Sahakian,A"]
[Black "Kieran,R"]
[Result "0-1"]
[WhiteElo "2022"]
[BlackElo "2083"]

1.e4 c5 2.Nc3 Nc6 3.Bb5 Nd4 4.Bc4 e6 5.Nf3 a6 6.Nxd4 cxd4 7.Ne2 b5 8.Bb3 Bc5
9.d3 Ne7 10.O-O Bb7 11.Ng3 O-O 12.Kh1 Ng6 13.f4 Kh8 14.f5 exf5 15.Rxf5 Qe7
16.Bg5 f6 17.Bd2 Ne5 18.Rh5 g6 19.Rh3 Rad8 20.Bh6 Rfe8 21.Qf1 d5 22.Bxd5 Bxd5
23.exd5 Rxd5 24.Ne4 Ng4 25.Bd2 Bb6 26.Re1 Rf5 27.Rf3 Rxf3 28.gxf3 Ne3 29.Bxe3 dxe3
30.f4 f5 31.Ng3 Qc5 32.Qg2 Qb4 33.c3 Qxf4 34.d4 Qd6 35.Qf3 f4 36.Ne2 Bc7
37.b3 g5 38.Rg1 Rg8 39.h3 Qe6 40.d5 Qe5 41.c4 Bd6 42.Rc1 Ba3 43.Rd1 Bc5 44.cxb5 axb5
45.a4 b4 46.a5 Bd6 47.Nd4 Ra8 48.Nc6 Qc3 49.Qe4 e2 50.Qxe2 Qxh3+ 51.Kg1 f3
52.Qf2 Bc5 53.Nd4 Re8 54.d6 Re4  0-1

[Event "EYCC B16"]
[Site "Halkidiki GRE"]
[Date "2001.09.08"]
[Round "8"]
[White "Llobel Cortell,E"]
[Black "Daubenfeld,G"]
[Result "1-0"]
[WhiteElo "2400"]
[BlackElo "2062"]

1.e4 c5 2.Nc3 Nc6 3.Nf3 d6 4.d4 cxd4 5.Nxd4 Nf6 6.f3 a6 7.Be3 d5 8.Qe2 e5
9.Nxc6 bxc6 10.exd5 Nxd5 11.O-O-O Be6 12.Qc4 Qc8 13.Nxd5 Bxd5 14.Qa4 Be6
15.f4 exf4 16.Bxf4 Be7 17.Bd6 Bg5+ 18.Kb1 Qb7 19.Bc4 Bf6 20.Ba3 Bxc4 21.Qxc4 Be5
22.Rhe1 f6 23.Qe6+  1-0

[Event "EYCC G16"]
[Site "Halkidiki GRE"]
[Date "2001.09.08"]
[Round "8"]
[White "Hari,V"]
[Black "Hidegh,E"]
[Result "1/2-1/2"]
[WhiteElo "2070"]
[BlackElo "2079"]

1.e4 c5 2.Nf3 Nc6 3.Nc3 Nf6 4.Bb5 Nd4 5.e5 Nxb5 6.Nxb5 Nd5 7.Ng5 e6 8.Ne4 f6
9.exf6 Nxf6 10.Nxf6+ Qxf6 11.Nc7+ Kd8 12.Nxa8 b5 13.Qe2 c4 14.Qe3 Bb7 15.Qg3 d6
16.a4 b4 17.d3 Be7 18.dxc4 Bxa8 19.c5 Qd4 20.Be3 Qxb2 21.O-O Qe5 22.cxd6 Bxd6
23.Rfd1 Qxg3 24.hxg3 Kc7 25.Bxa7 Bd5 26.Be3 Kb7 27.Bd4 Rc8 28.Rd2 g6 29.a5 Ka6
30.f4 h5 31.Kf2 Rc4 32.Ke3 Bc7 33.Bf6 Bd6 34.Kd3 Rc6 35.Bd4 Bc7 36.Bf6 Bd6
37.Rf2 Bc4+ 38.Ke3 Bc5+ 39.Bd4 Be7 40.Rd2 Bd5 41.g4 hxg4 42.g3 Bd8 43.Rh2 Rc7
44.Rh8 Be7 45.Rb8 Bb7 46.Rg8 Rxc2 47.Rxg6 Bd5 48.f5 Rg2 49.Be5 Bc5+ 50.Kf4 Rf2+
51.Kxg4 Rxf5 52.Bf4 b3 53.Rb1 Kxa5 54.Rg8 Bd4  1/2-1/2

[Event "ch-UKR"]
[Site "Ordzhonikidze UKR"]
[Date "2001.09.08"]
[Round "1"]
[White "Firman,N"]
[Black "Moiseenko,A"]
[Result "0-1"]
[WhiteElo "2511"]
[BlackElo "2581"]

1.e4 c5 2.Nf3 Nc6 3.Nc3 d6 4.d4 cxd4 5.Nxd4 e5 6.Nf3 Nf6 7.Be2 Be7 8.O-O O-O
9.Bg5 Be6 10.Qd2 Rc8 11.Rad1 Qb6 12.Qc1 Nb4 13.a3 Rxc3 14.bxc3 Na2 15.Qa1 Nxc3
16.Qxc3 Nxe4 17.Qe3 Nxg5 18.Qxb6 Nxf3+ 19.Bxf3 axb6 20.Bxb7 Rb8 21.Bd5 Bxd5
22.Rxd5 Ra8 23.Ra1 f6 24.Kf1 Rc8 25.Rb1 Rc6 26.Rb4 Rxc2 27.Rxb6 Kf7 28.a4 Ke6
29.Rdb5 Ra2 30.a5 f5 31.Ra6 e4 32.Ra8 Bf6 33.a6 Bd4 34.Rb7 Rxf2+ 35.Ke1 Ra2
36.a7 Kd5 37.Rf8 Bxa7 38.Rxf5+ Kc4 39.Rxg7 Kd3  0-1

[Event "TCh-YUG"]
[Site "Herceg Novi YUG"]
[Date "2001.09.09"]
[Round "7"]
[White "Solak,D"]
[Black "Dujkovic,S"]
[Result "1/2-1/2"]
[WhiteElo "2486"]
[BlackElo "2398"]

1.e4 c5 2.Nc3 Nc6 3.Bb5 Nd4 4.Bc4 g6 5.Nf3 Bg7 6.Nxd4 cxd4 7.Qf3 Nh6 8.Ne2 O-O
9.h3 e6 10.d3 f5 11.Qg3 b5 12.Bb3 Bb7 13.e5 f4 14.Bxf4 Nf5 15.Qh2 g5 16.Bd2 Nh4
17.Rg1 Ng6 18.f4 gxf4 19.Nxf4 a5 20.Nxg6 hxg6 21.a4 bxa4 22.Bxa4 Qb6 23.Qg3 Rf5
24.Qxg6 Qxb2 25.Rc1 Raf8 26.Bxd7 Rxe5+ 27.Kd1 Rf6 28.Qe8+ Kh7 29.Re1 Rxe1+
30.Kxe1 Bd5 31.Qh5+ Kg8 32.Qe8+ Kh7 33.Qh5+ Kg8 34.Qe8+ Kh7 35.Qh5+  1/2-1/2

[Event "TCh-YUG"]
[Site "Herceg Novi YUG"]
[Date "2001.09.09"]
[Round "7"]
[White "Todorovic,J"]
[Black "Kovacevic,A"]
[Result "1/2-1/2"]
[WhiteElo "2425"]
[BlackElo "2545"]

1.e4 c5 2.Nc3 Nc6 3.Bb5 Nd4 4.Bc4 e6 5.Nge2 Ne7 6.Nxd4 cxd4 7.Ne2 Nc6 8.d3 Bc5
9.a3 a5 10.O-O O-O 11.Ng3 d5 12.exd5 exd5 13.Ba2 Be6 14.Nh5 f6 15.Re1 Qd7
16.Rxe6 Qxe6 17.Nf4 Qd6 18.Bxd5+ Kh8 19.Qh5 f5 20.Be6 Ne7 21.Bd2 g6 22.Qh6 Qe5
23.Re1 Qf6 24.Ba2 Ng8 25.Qh3 Rfe8 26.Ne6 Bd6 27.g3 Ra6 28.Qf1 h6 29.Bg5 Qf7
30.Nd8 Qf8 31.Nf7+ Kh7  1/2-1/2

[Event "TCh-YUG"]
[Site "Herceg Novi YUG"]
[Date "2001.09.09"]
[Round "7"]
[White "Hracek,Z"]
[Black "Antic,D"]
[Result "1-0"]
[WhiteElo "2610"]
[BlackElo "2474"]

1.e4 c5 2.Nf3 Nc6 3.Nc3 e5 4.Bc4 d6 5.d3 Be7 6.Nd2 Nf6 7.Nf1 Bg4 8.f3 Be6
9.Ne3 O-O 10.O-O Nd7 11.Ncd5 Nb6 12.Nxb6 axb6 13.Nd5 Na5 14.a4 Nxc4 15.dxc4 Bd7
16.Nc3 Bc6 17.Qd3 Qd7 18.b3 Rae8 19.Be3 Kh8 20.Rad1 Qe6 21.Nd5 Bd8 22.Bc1 g6
23.Rfe1 f6 24.f4 Qf7 25.h3 exf4 26.Bxf4 Re6 27.Re3 Rfe8 28.g4 h5 29.Rf1 Qh7
30.Bg3 g5 31.Rf5 hxg4 32.hxg4 Kg7 33.Re2 Qg6 34.Be1 Rh8 35.Bc3 Qh6 36.Qf3 Bxd5
37.cxd5 Ree8 38.Rf2 Kf8  1-0

[Event "5th Pablo Gorbea Mem Open"]
[Site "Madrid ESP"]
[Date "2001.09.10"]
[Round "4"]
[White "Morales,Jo"]
[Black "Del Rio Angelis,S"]
[Result "0-1"]
[WhiteElo "2354"]
[BlackElo "2484"]

1.e4 c5 2.Nf3 Nc6 3.Nc3 d6 4.d4 cxd4 5.Nxd4 Nf6 6.Bg5 e6 7.Qd2 a6 8.O-O-O h6
9.Be3 Be7 10.f4 Nxd4 11.Bxd4 b5 12.e5 dxe5 13.fxe5 Nd5 14.Ne4 Bg5 15.Nxg5 Qxg5
16.g3 Bb7 17.Bg2 O-O-O 18.Kb1 Qxd2 19.Rxd2 Ne7 20.Bxb7+ Kxb7 21.Rhd1 Nc6
22.b3 h5 23.c3 Rd7 24.Be3 Rxd2 25.Rxd2 Rd8 26.Rxd8 Nxd8 27.Kc2 Nc6 28.Bf4 g5
29.Bxg5 Nxe5 30.h3 Kc6 31.Bf6 Nd7 32.Bg7 f5 33.Kd3 e5 34.g4 fxg4 35.hxg4 hxg4
36.Ke4 Kd6 37.Kf5 g3 38.Bh6 g2 39.Be3 a5 40.Ke4 Nf6+ 41.Kf3 Nd5 42.Bg1 Nxc3
43.a3 Nb1 44.Kxg2 Nxa3 45.Bb6 a4 46.bxa4 bxa4 47.Kf3 Nc4 48.Bf2 a3 49.Be1 a2
50.Bc3 Nd2+  0-1

[Event "ch-UKR"]
[Site "Ordzhonikidze UKR"]
[Date "2001.09.10"]
[Round "3"]
[White "Fedorchuk,S"]
[Black "Moroz,A"]
[Result "1-0"]
[WhiteElo "2490"]
[BlackElo "2512"]

1.e4 c5 2.Nf3 Nc6 3.Nc3 e5 4.Bc4 Be7 5.d3 Nf6 6.Ng5 O-O 7.f4 exf4 8.Bxf4 d5
9.exd5 Nb4 10.O-O Bg4 11.Qd2 Nbxd5 12.Rae1 Nxf4 13.Qxf4 Bh5 14.Kh1 a6 15.a4 Bg6
16.Nf3 Bd6 17.Qg5 Qb6 18.Nh4 Qxb2 19.Nxg6 hxg6 20.Rxf6 Be7 21.Rxf7 Bxg5 22.Rxb7+ Kh7
23.Rxb2 Bd2 24.Rbb1 Bxc3 25.Re3 g5 26.Rf3 a5 27.Bf7 g6 28.Kg1 Rab8 29.Rxb8 Rxb8
30.Bb3 Bd4+ 31.Kf1 Re8 32.Rf7+ Kh6 33.Bd5 g4 34.Be4 Re6 35.Ra7 Rf6+ 36.Ke1 Kg5
37.Rb7 Kf4 38.Kd2 g3 39.hxg3+ Kxg3 40.Bf3 Re6 41.c3 Be3+ 42.Kc2 Ra6 43.Kb3 g5
44.Kc4 Kf2 45.Rf7 Ke1 46.d4 cxd4 47.cxd4 Kd2 48.Rb7 Rf6 49.Rb2+ Kc1 50.Re2 Bd2
51.Kd3 Bb4 52.d5 Rf8 53.Kd4 Rg8 54.Re6 g4 55.Be4 Kb2 56.d6 Rd8 57.Ke5 Bc3+
58.Kd5 Kb3 59.Kc6 Kxa4 60.Kc7  1-0

[Event "TCh-CRO"]
[Site "Pula CRO"]
[Date "2001.09.10"]
[Round "1"]
[White "Vargic,D"]
[Black "Bertok,M"]
[Result "1-0"]
[WhiteElo "2275"]
[BlackElo "2297"]

1.e4 c5 2.Nc3 Nc6 3.Nf3 d6 4.d4 cxd4 5.Nxd4 Nf6 6.Be3 e5 7.Nb3 Be6 8.Be2 d5
9.exd5 Nxd5 10.Nxd5 Qxd5 11.O-O O-O-O 12.Qc1 Nd4 13.Bxd4 exd4 14.Bf3 Qe5
15.Re1 Qc7 16.Qd2 Qb6 17.Re4 Be7 18.Rd1 Bf6 19.Qf4 Bxb3 20.axb3 Qc7 21.Qf5+ Kb8
22.Qb5 a6 23.Qd3 h5 24.h4 g6 25.g3 Rd6 26.Rde1 Qd7 27.Bg2 Rd8 28.Qf3 Rb6
29.Rf4 Qd6 30.Bf1 Rd7 31.Qe4 Rc6 32.Qe8+ Bd8 33.Rxf7 Rxf7 34.Qxf7 Rxc2 35.Re6 Qc7
36.Qxg6 Rxb2 37.Re8 Ka7 38.Qxh5 d3 39.Qh8 Qc2 40.Qf8 Bc7 41.Ra8+ Kb6 42.Qb4+ Kc6
43.Bg2+ Kd7 44.Qg4+ Kd6 45.Qf4+ Kd7 46.Qf5+ Kd6 47.Rf8 Qxb3 48.Rf7 Qxf7 49.Qxf7 d2
50.Qd5+ Ke7 51.Bf3 Bd6 52.Bg4 Rb1+ 53.Kg2  1-0

[Event "TCh-CRO"]
[Site "Pula CRO"]
[Date "2001.09.11"]
[Round "2"]
[White "Jovanovic,Zo2"]
[Black "Jankovic,A"]
[Result "1/2-1/2"]
[WhiteElo "2407"]
[BlackElo "2254"]

1.e4 c5 2.Nf3 Nc6 3.Nc3 d6 4.d4 cxd4 5.Nxd4 Nf6 6.Bc4 Qb6 7.Ndb5 a6 8.Be3 Qa5
9.Nd4 e6 10.O-O Be7 11.Bb3 Bd7 12.f4 Rc8 13.f5 Nxd4 14.Bxd4 e5 15.Bf2 Rxc3
16.bxc3 Bc6 17.Bh4 Bxe4 18.Bxf6 Qc5+ 19.Kh1 Bxf6 20.Qg4 Bc6 21.Rad1 h5 22.Qb4 Qxb4
23.cxb4 Ke7 24.a4 h4 25.h3 Rc8 26.Rfe1 Bd7 27.Rf1 Bg5 28.Rd3 Bf4 29.Rfd1 Rc6
30.Bd5 Rb6 31.Rc3 Rxb4 32.Rc7 e4 33.c3 Rb2 34.Bxe4 d5 35.Rxd7+ Kxd7 36.Bxd5 Ke7
37.Be4 b6 38.Rb1 Ra2 39.Bc6 Kd6 40.Be8 Kc5 41.Rd1 f6 42.Bd7 Rc2 43.Kg1 Be3+
44.Kf1 Rxc3 45.Ke2 Bd4 46.Rd3 Rc4 47.Kf3 b5 48.axb5 axb5 49.Be6 Rc2 50.g3 Rh2
51.Kg4 hxg3 52.Rxg3 Be5 53.Rg1 b4 54.h4 Bd4 55.Rc1+ Bc3 56.Kh5 Rg2 57.Rd1 Bd2
58.Ra1 Kd4 59.Ra7 Kc3 60.Rc7+ Kb2 61.Rb7 Rg3 62.Bf7 b3 63.Bxb3 Rxb3 64.Rxg7 Rb4
65.Rg2 Kc3 66.Kg6 Rxh4 67.Kxf6 Be3 68.Ke6 Re4+ 69.Kd5 Rf4 70.Ke5 Kd3 71.f6 Rf3
72.Ke6 Bd4 73.f7 Bc5  1/2-1/2

[Event "CHN-RUS Summit Women"]
[Site "Shanghai CHN"]
[Date "2001.09.11"]
[Round "5"]
[White "Kovalevskaya,E"]
[Black "Xu Yuhua"]
[Result "1-0"]
[WhiteElo "2507"]
[BlackElo "2502"]

1.e4 c5 2.Nc3 Nc6 3.Bb5 Nd4 4.Bc4 e6 5.Nf3 Nf6 6.O-O a6 7.a4 Qc7 8.d3 Ng4
9.g3 Nxf3+ 10.Qxf3 Ne5 11.Qe2 Be7 12.Ba2 O-O 13.Be3 Nc6 14.f4 Nd4 15.Qf2 b6
16.Nd1 Nc6 17.c3 f5 18.b4 cxb4 19.Bxb6 Qb8 20.a5 bxc3 21.Nxc3 Bb4 22.Na4 Qd6
23.Rfd1 Nxa5 24.Rab1 Nc6 25.d4 Kh8 26.d5 exd5 27.Bxd5 Qe7 28.exf5 a5 29.g4 Ba6
30.Nc5 Rfe8 31.Bf3 Bb5 32.Nxd7 Ba4 33.Bxc6 Bxc6 34.Ne5 Ba4 35.Rdc1 Bd6 36.Qa2 Bxe5
37.fxe5 Bd7 38.e6 Bc8 39.Rc7 Qg5 40.Qg2 Rb8 41.h3 Qf4 42.Qh2 Qg5 43.Qb2 Kg8
44.Rxg7+  1-0

[Event "ch-UKR"]
[Site "Ordzhonikidze UKR"]
[Date "2001.09.12"]
[Round "5"]
[White "Kozakov,M"]
[Black "Moroz,A"]
[Result "0-1"]
[WhiteElo "2496"]
[BlackElo "2512"]

1.e4 c5 2.Nf3 Nc6 3.Nc3 e5 4.Bc4 Be7 5.d3 Nf6 6.Nd2 d6 7.Nf1 Bg4 8.f3 Be6
9.Ne3 O-O 10.O-O a6 11.a4 Nb4 12.Bxe6 fxe6 13.Ne2 Nc6 14.f4 exf4 15.Nxf4 Qd7
16.c3 Rae8 17.Bd2 Bd8 18.Qb3 Kh8 19.Rad1 Na5 20.Qa2 Bb6 21.Kh1 Ba7 22.Rf3 Nc6
23.Rdf1 Ne5 24.Rg3 c4 25.Nxc4 Nh5 26.Rh3 Nxf4 27.Rxf4 Rxf4 28.Bxf4 Rf8 29.g3 Nxd3
30.Rh4 e5 31.Be3 Qf7  0-1

[Event "ch-ARM"]
[Site "Yerevan ARM"]
[Date "2001.09.13"]
[Round "1"]
[White "Minasian,Art"]
[Black "Anastasian,A"]
[Result "0-1"]
[WhiteElo "2581"]
[BlackElo "2588"]

1.e4 c5 2.Nc3 Nc6 3.Bb5 g6 4.d3 Bg7 5.Nge2 Nd4 6.Ba4 e6 7.O-O Ne7 8.Nxd4 cxd4
9.Ne2 O-O 10.c3 dxc3 11.bxc3 d5 12.Ba3 Bd7 13.Rb1 b6 14.exd5 exd5 15.d4 Bh6
16.Bb5 Re8 17.Bc1 Bxc1 18.Qxc1 Rc8 19.Nf4 Bxb5 20.Rxb5 Qd7 21.Rb3 Nc6 22.Qd2 Na5
23.Rbb1 Nc4 24.Qc1 a6 25.Nd3 Qf5 26.Ne5 Nxe5 27.dxe5 d4 28.Rxb6 dxc3 29.f4 Red8
30.Qe3 Rd3  0-1

[Event "TCh-CRO"]
[Site "Pula CRO"]
[Date "2001.09.15"]
[Round "6"]
[White "Rade,M"]
[Black "Jankovic,A"]
[Result "1-0"]
[WhiteElo "2370"]
[BlackElo "2254"]

1.e4 c5 2.Nf3 Nc6 3.Nc3 d6 4.d4 cxd4 5.Nxd4 Nf6 6.Bc4 Qb6 7.Nb3 e6 8.O-O Be7
9.Kh1 O-O 10.f4 a6 11.Qf3 Qc7 12.Bd3 Nb4 13.Bd2 Nxd3 14.cxd3 Bd7 15.Rac1 Qb6
16.Be3 Qb4 17.Qd1 Ba4 18.Nxa4 Qxa4 19.Rc7 Rfe8 20.Nd4 Qxa2 21.Rxb7 Rac8 22.Qa1 Qxa1
23.Rxa1 Bf8 24.Nf3 Rb8 25.Rxb8 Rxb8 26.Bd4 Rb3 27.Ne1 d5 28.e5 Nd7 29.Rxa6 g6
30.Ra8 Kg7 31.Rc8 Rb4 32.Nf3 Rb3 33.g4 Rb7 34.f5 gxf5 35.gxf5 h6 36.h4 Bb4
37.h5 Ba5 38.Re8 Bb6 39.f6+ Kh7 40.Re7 Bxd4 41.Rxf7+ Kg8  1-0

[Event "ch-Africa"]
[Site "Cairo EGY"]
[Date "2001.09.18"]
[Round "3"]
[White "Gwaze,R"]
[Black "Hamdouchi,H"]
[Result "0-1"]
[WhiteElo "2287"]
[BlackElo "2533"]

1.e4 c5 2.Nf3 Nc6 3.Nc3 d6 4.d4 cxd4 5.Nxd4 Nf6 6.Bg5 Bd7 7.Qd2 Rc8 8.Nxc6 Bxc6
9.f3 e6 10.O-O-O a6 11.Kb1 Be7 12.Bf4 d5 13.exd5 Bxd5 14.Be5 O-O 15.Bxf6 Bxf6
16.Nxd5 exd5 17.Qxd5 Qb6 18.Qb3 Qf2 19.c3 Rc6 20.Qc2 Qb6 21.c4 Qc7 22.Bd3 g6
23.Qe2 Rb6 24.Rd2 Rd8 25.Rc2 Qc5 26.Be4 Rb4 27.Re1 Kg7 28.a3 Ra4 29.Bd5 b5
30.Qe3 Qd6 31.g4 bxc4 32.Bxc4 h6 33.Qb3 Ra5 34.Qb4 Rc5 35.Bb3 Rxc2 36.Bxc2 Qc7
37.Bb3 Qxh2 38.Bd1 Rd2  0-1

[Event "ch-Africa"]
[Site "Cairo EGY"]
[Date "2001.09.21"]
[Round "6"]
[White "Gwaze,R"]
[Black "Domingos,C"]
[Result "0-1"]
[WhiteElo "2287"]
[BlackElo "2200"]

1.e4 c5 2.Nf3 Nc6 3.Nc3 d6 4.d4 cxd4 5.Nxd4 e5 6.Nb3 Be6 7.f4 exf4 8.Bxf4 Nf6
9.Qd2 d5 10.exd5 Nxd5 11.Nxd5 Qxd5 12.Qxd5 Bxd5 13.O-O-O O-O-O 14.Bd3 g6
15.Bg5 Be7 16.Bxe7 Nxe7 17.Rhe1 Nc6 18.Be4 Bxe4 19.Rxe4 f5 20.Re3 Rhe8 21.Rde1 Rxe3
22.Rxe3 b6 23.Nd2 Kc7 24.Nf3 Rd7 25.Ng5 Nb4 26.a3 Nd5 27.Re1 Nf6 28.h3 Nd5
29.g4 fxg4 30.hxg4 Nf6 31.Rg1 Re7 32.Nh3 Kd7 33.Nf2 Re2 34.Nd3 g5 35.Kd1 Re7
36.Nf2 Kd6 37.Rh1 Kd5 38.Kd2 Rc7 39.Rh6 Ke5 40.Nd3+ Ke6 41.Nf2 Kf7 42.b3 Kg7
43.Rh1 Re7 44.c4 Ne4+ 45.Nxe4 Rxe4 46.Rg1 Kg6 47.Kd3 Rf4 48.Ke3 Kf6 49.Rg2 Ke5
50.Rg1 a5 51.Rd1 Re4+ 52.Kf3 Rd4 53.Re1+ Kd6 54.Re8 Rd3+ 55.Re3 Rd4 56.Re8 Rf4+
57.Kg3 a4 58.bxa4 Rxc4 59.Rb8 Kc7 60.Rg8 h6 61.Rg7+ Kb8 62.Rg6 Kb7 63.Rxh6 Rxa4
64.Rg6 Rxa3+ 65.Kf2 Ra5 66.Ke3 Rc5 67.Kd4 Ka6 68.Rg8 Kb5 69.Kd3 Kb4 70.Rb8 b5
71.Rg8 Kb3 72.Rf8 Rd5+ 73.Ke4 Kc4 74.Rf1 Rd8 75.Rc1+ Kb4 76.Rb1+ Kc5 77.Rc1+ Kb6
78.Kf5 Rd5+ 79.Ke4 Rc5 80.Rb1 Kc6 81.Rb2 Kd6 82.Ra2 b4 83.Rb2 Rb5 84.Kd4 b3
85.Kc4 Rb7 86.Kd4 Rb4+ 87.Kc3 Kc5 88.Rb1 b2  0-1

[Event "ch-Africa"]
[Site "Cairo EGY"]
[Date "2001.09.21"]
[Round "6"]
[White "Hamdouchi,H"]
[Black "Simutowe,A"]
[Result "1-0"]
[WhiteElo "2533"]
[BlackElo "2462"]

1.e4 c5 2.Nc3 Nc6 3.Bb5 Nd4 4.Bc4 g6 5.Nf3 Bg7 6.O-O e6 7.Nxd4 cxd4 8.Nb5 d6
9.c3 Nf6 10.cxd4 a6 11.e5 axb5 12.exf6 Bxf6 13.Bxb5+ Kf8 14.d5 exd5 15.d4 Qb6
16.Bh6+ Kg8 17.Qf3 Bxd4 18.Rae1 Be5 19.Qf6  1-0

[Event "ch-Africa"]
[Site "Cairo EGY"]
[Date "2001.09.22"]
[Round "7"]
[White "Tissir,M"]
[Black "Aranov,Y"]
[Result "1-0"]
[WhiteElo "2383"]
[BlackElo "2180"]

1.e4 c5 2.Nc3 Nc6 3.Bb5 g6 4.Bxc6 dxc6 5.d3 Bg7 6.Be3 b6 7.Qd2 e5 8.Nge2 Nf6
9.h3 O-O 10.Bh6 Ne8 11.Bxg7 Nxg7 12.O-O Ne6 13.f4 exf4 14.Nxf4 Qg5 15.Kh1 Nxf4
16.Rxf4 Be6 17.Raf1 Rae8 18.b3 Qe5 19.Qe1 b5 20.Ne2 Qb2 21.R4f2 Qe5 22.Nf4 c4
23.Qe3 cxd3 24.cxd3 c5 25.Rc1 Rc8 26.Rfc2 c4 27.bxc4 bxc4 28.d4 Qg5 29.d5 Bd7
30.Rxc4 Rxc4 31.Rxc4 Rb8 32.Rc7 Rb1+ 33.Kh2 Rf1 34.Rxd7 Qxf4+ 35.Qxf4 Rxf4
36.e5 a5 37.Ra7 Re4 38.d6 Rd4 39.Rxa5 f6 40.e6 Rxd6 41.Ra8+  1-0

[Event "ECC"]
[Site "Panormo GRE"]
[Date "2001.09.24"]
[Round "2"]
[White "Bitansky,I"]
[Black "Meins,G"]
[Result "1/2-1/2"]
[WhiteElo "2363"]
[BlackElo "2415"]

1.e4 c5 2.Nf3 Nc6 3.Nc3 Nf6 4.Bb5 Nd4 5.e5 Nxb5 6.Nxb5 Nd5 7.Ng5 h6 8.Ne4 Qb6
9.c4 Nc7 10.Nxc7+ Qxc7 11.d4 b6 12.Bf4 cxd4 13.Qxd4 Bb7 14.O-O Bxe4 15.Qxe4 Qc6
16.Qxc6 dxc6 17.e6 fxe6 18.Rad1 g5 19.Be5 Rg8 20.Rd3 Bg7 21.Bxg7 Rxg7 22.Rfd1 Rf7
23.Rd7 Rf4 24.b3 c5 25.Kf1 e5 26.Rc7 Rd4 27.Re1 Kd8 28.Rb7 Rd7 29.Rxd7+ Kxd7
30.Rxe5 e6 31.Ke2 Rf8 32.Re3 Ke7 33.Rf3 Rg8 34.Rh3 Rg6 35.Ke3 Rf6 36.Rf3 Rg6
37.Ke4 h5 38.Rh3 h4 39.g4 Rg8 40.Rd3 Rf8 41.Rf3 Rd8 42.Rd3 Rf8 43.Rf3  1/2-1/2

[Event "ECC"]
[Site "Panormo GRE"]
[Date "2001.09.25"]
[Round "3"]
[White "Dunworth,C"]
[Black "Jonsson,B"]
[Result "0-1"]
[WhiteElo "2289"]
[BlackElo "2395"]

1.e4 c5 2.Nc3 Nc6 3.Bb5 g6 4.Bxc6 bxc6 5.d3 Bg7 6.Nge2 Nf6 7.Be3 Qa5 8.O-O d5
9.Bd2 Qc7 10.Qc1 c4 11.dxc4 dxc4 12.Bh6 Ng4 13.Bf4 e5 14.Bg5 O-O 15.h3 Nf6
16.Bh6 Rb8 17.Rb1 Re8 18.Ng3 Bh8 19.Rd1 Be6 20.Qe3 Red8 21.Rxd8+ Rxd8 22.Rd1 Rxd1+
23.Nxd1 Nd7 24.Qa3 Bf6 25.Ne3 Bd8 26.Ngf5 f6 27.Ng3 Kf7 28.h4 Qa5 29.Qxa5 Bxa5
30.Nd1 g5 31.hxg5 Kg6 32.Ne3 fxg5 33.Nef5 Bd2 34.Ng7 Bf7 35.N3f5 c3 36.bxc3 Nf6
37.Ne7+ Kxh6 38.Ngf5+ Kh5 39.Ng7+ Kh6 40.Ngf5+ Kh5 41.Ng7+ Kg4 42.Nxc6 Kf4
43.f3 g4 44.Nf5 gxf3 45.gxf3 Bh5 46.Nxa7 Bxf3 47.Nb5 Bxe4 48.Nfd6 Be3+ 49.Kf1 Bxc2
50.Ke2 e4 51.Nc7 Bd3+ 52.Ke1 h5 53.Ne6+ Ke5 54.Ng7 Kxd6 55.Nf5+ Ke5 56.Nxe3 Kf4  0-1

[Event "ECC"]
[Site "Panormo GRE"]
[Date "2001.09.25"]
[Round "3"]
[White "Atlas,V"]
[Black "Bator,R"]
[Result "1/2-1/2"]
[WhiteElo "2484"]
[BlackElo "2403"]

1.e4 c5 2.Nc3 Nc6 3.Nf3 g6 4.d4 cxd4 5.Nxd4 Bg7 6.Nde2 d6 7.g3 Bg4 8.Bg2 Bxc3+
9.bxc3 Qa5 10.O-O Nf6 11.h3 Bxe2 12.Qxe2 Qxc3 13.Rb1 O-O 14.Rxb7 Rab8 15.Rxb8 Rxb8
16.Qd3 Qxd3 17.cxd3 Nb4 18.Be3 Nxd3 19.Bxa7  1/2-1/2

[Event "ECC"]
[Site "Panormo GRE"]
[Date "2001.09.25"]
[Round "3"]
[White "Mitkov,N"]
[Black "Markos,J"]
[Result "1/2-1/2"]
[WhiteElo "2547"]
[BlackElo "2479"]

1.e4 c5 2.Nc3 Nc6 3.Nge2 Nf6 4.g3 d5 5.exd5 Nxd5 6.Bg2 Nxc3 7.bxc3 Qc7 8.O-O e6
9.d4 Bd6 10.Be3 cxd4 11.cxd4 Na5 12.Qd3 Bd7 13.Nc3 O-O 14.Nb5 Bxb5 15.Qxb5 Rab8
16.d5 a6 17.Qd3  1/2-1/2

[Event "ECC"]
[Site "Panormo GRE"]
[Date "2001.09.25"]
[Round "3"]
[White "Buckley,M"]
[Black "Ulfarsson,M"]
[Result "1/2-1/2"]
[WhiteElo "2118"]
[BlackElo "2290"]

1.e4 c5 2.Nc3 Nc6 3.Bb5 g6 4.Bxc6 dxc6 5.d3 Bg7 6.Be3 b6 7.Qd2 e5 8.Nge2 Be6
9.O-O Ne7 10.Bh6 O-O 11.Bxg7 Kxg7 12.f4 f6 13.fxe5 fxe5 14.Rxf8 Qxf8 15.Rf1 Qd8
16.Qg5 Qd6 17.Qf6+ Kg8 18.Ng3 Rd8 19.Qg5 Rf8 20.Rxf8+ Kxf8 21.Qf6+ Ke8 22.Nce2 Kd7
23.b3 Bg4 24.Qh8 h5 25.h3 Be6 26.Qf6 b5 27.Nf1 c4 28.d4 exd4 29.Nxd4 Bg8
30.Qf2 Qe5 31.Nf3 Qxe4 32.Qxa7+ Kd8 33.Qa8+ Nc8 34.Qa5+ Kd7 35.Qd2+ Kc7 36.Ng3 Qd5
37.Qe2 Qe6 38.Qd2 Nd6 39.Qf2 Qd5 40.b4 c3 41.Qe1 Qe6 42.Qxc3 Qxa2 43.Ne5 Bd5
44.Nxg6 Qa7+ 45.Qc5 Qa1+ 46.Kh2 Qf6 47.Nxh5 Qxg6 48.Nf4 Qe4 49.Nxd5+ Qxd5
50.Qxd5 cxd5 51.Kg3 Nc4 52.Kf4 Kd6 53.c3 Nd2 54.h4 Ne4 55.h5 Ke6 56.h6 Kf6
57.h7 Kg7 58.Ke5 Nxc3 59.Kd4 Na2 60.Kxd5 Nxb4+  1/2-1/2

[Event "ch-POL w"]
[Site "Brzeg Dolny POL"]
[Date "2001.09.26"]
[Round "2"]
[White "Matras,A"]
[Black "Toma,K"]
[Result "1/2-1/2"]
[WhiteElo "2218"]
[BlackElo "2174"]

1.e4 c5 2.Nc3 Nc6 3.Bb5 Nd4 4.Bc4 g6 5.Nf3 Bg7 6.Nxd4 cxd4 7.Qf3 Nh6 8.d3 O-O
9.Ne2 Ng4 10.Bb3 d6 11.Qg3 a5 12.a4 Nf6 13.h4 Nh5 14.Qf3 Qd7 15.Nf4 Nxf4
16.Bxf4 h5 17.O-O Qg4 18.Qxg4 Bxg4 19.Bg5 Rfe8 20.Rfc1 Bd7 21.Bc4 Kf8 22.Bd2 Rec8
23.c3 Bc6 24.cxd4 Bxd4 25.Bc3 Bxc3 26.Rxc3 Rab8 27.Rb3 Bxe4 28.Bxf7 Bxd3
29.Be6 Be4 30.Bxc8 Rxc8 31.Rc3 Rxc3 32.bxc3 Bc6 33.g3 Kf7 34.Kf1 b5 35.axb5 Bxb5+
36.Ke1 a4 37.Kd2 Kf6 38.c4 Bxc4 39.Rxa4 Bd5 40.Ke3 Bc6 41.Ra5 Bd7 42.Kd4 Bg4
43.Ke4 Bf5+ 44.Kd5 Be6+ 45.Ke4 Bf5+ 46.Ke3 e5 47.f3 Ke6 48.Ra4 Kf6 49.g4 Be6
50.g5+ Kf5 51.Ra8 Bf7 52.Ra6 Ke6 53.f4 Kf5 54.fxe5 Kxe5 55.Ra5+ d5 56.Ra4 Be6
57.Rb4  1/2-1/2

[Event "ch-POL w"]
[Site "Brzeg Dolny POL"]
[Date "2001.09.27"]
[Round "3"]
[White "Kucypera,A"]
[Black "Krupa,M"]
[Result "0-1"]
[WhiteElo "2168"]
[BlackElo "2307"]

1.e4 c5 2.Nf3 Nc6 3.Nc3 e5 4.Bc4 d6 5.d3 Be7 6.Nd2 Nf6 7.Nf1 Bg4 8.f3 Be6
9.Ne3 a6 10.a4 Nb4 11.O-O d5 12.exd5 Nbxd5 13.Nexd5 Nxd5 14.Bxd5 Bxd5 15.Qe2 Be6
16.Qxe5 Bf6 17.Qe2 O-O 18.Ne4 Be7 19.Be3 Rc8 20.b3 f5 21.Nd2 Bf6 22.Rad1 Re8
23.Qf2 f4 24.Bxf4 Bd4 25.Be3 Bxe3 26.Qxe3 Bxb3 27.Ne4 Bxc2 28.Rc1 Bxd3 29.Rfd1 c4
30.Qf4 Qe7 31.Re1 Bxe4 32.fxe4 b5 33.axb5 axb5 34.e5 Qe6 35.Re4 Rc5 36.Rf1 h6
37.Rfe1 b4 38.Rc1 Rec8 39.Qg3 b3 40.Qc3 Rd5 41.Re3 Rcd8 42.h3 Rd3 43.Rxd3 Rxd3
44.Qb4 Rd4 45.Re1 Rd3 46.Qb5 Rd2 47.Qb8+ Kh7 48.Qb4 Qd5  0-1